| 000 | 00787nam a2200229 a 4500 | ||
|---|---|---|---|
| 001 | 000005222 | ||
| 003 | OSt | ||
| 005 | 20200929151619.0 | ||
| 008 | 090818s1994 sp b 000 0 spa d | ||
| 020 | _a8483870150 | ||
| 040 |
_aDO-SdBNP _bspa _cBNPHU |
||
| 082 |
_axxxxx _bI71a |
||
| 100 | 1 |
_aIrurozqui, Marta _914907 |
|
| 245 | 1 | 3 |
_aLa armonía de las desigualdades : _bélites y conflictos de poder en Bolivia 1880-1920 / _cMarta Irurozqui. |
| 260 |
_aMadrid, España : _bCSIC, _c1994. |
||
| 300 |
_a237 p. : _bmap. ; _c24 cm. |
||
| 490 | 1 |
_aArchivos de historia andina _v18 |
|
| 500 | _aIncluye referencias bibliográficas y notas al pie de las páginas | ||
| 504 | _aBibliografía : p. 217-237 | ||
| 710 | 1 |
_aConsejo Superior de Investigaciones Científicas _94786 |
|
| 942 |
_2ddc _cLF1 |
||
| 999 |
_c5023 _d5023 |
||